[Event "47th NED-ch"]
[Site "Eindhoven NED"]
[Date "1991.06.10"]
[Round "1"]
[White "Van Wely, Loek"]
[Black "Nijboer, Friso"]
[Result "1/2-1/2"]
[WhiteElo "2460"]
[BlackElo "2455"]
[EventDate "1991.06.10"]
[PlyCount "163"]

1.d4 Nf6 2.c4 g6 3.Nc3 Bg7 4.e4 d6 5.Nf3 O-O 6.Be2 e5 7.O-O Na6 8.Be3 c6 
9.d5 Ng4 10.Bg5 f6 11.Bh4 h5 12.Nd2 Nh6 13.h3 g5 14.Bg3 g4 15.hxg4 hxg4 
16.Rb1 Nc7 17.b4 cxd5 18.cxd5 Rf7 19.Nc4 Bf8 20.Ne3 Rg7 21.b5 Qe8 22.Bh4 
Qh5 23.g3 Ne8 24.b6 f5 25.exf5 Nxf5 26.Nxf5 Bxf5 27.Rb4 axb6 28.Kg2 Qg6 
29.Rxb6 Rc8 30.Qb3 Be7 31.Bxe7 Rxe7 32.Rb4 Rec7 33.Nd1 Be4+ 34.f3 gxf3+ 
35.Bxf3 Rc2+ 36.Rf2 Bf5 37.Rxb7 Qh6 38.g4 Bg6 39.Rb8 Rxb8 40.Qxb8 Kg7 41.
Rxc2 Bxc2 42.Qxe8 Bxd1 43.Qe7+ Kh8 44.Qd8+ Kg7 45.Qd7+ Kh8 46.Qc8+ Kg7 47.
Qc7+ Kg8 48.Qb8+ Kg7 49.Qa7+ Kg8 50.Qa8+ Kg7 51.Qa7+ Kg8 52.Qb8+ Kg7 53.
Qc7+ Kg8 54.Qc8+ Kg7 55.Qd7+ Kh8 56.Qd8+ Kg7 57.Qe7+ Kh8 58.Bxd1 Qd2+ 59.
Kh3 Qe3+ 60.Kh4 Qh6+ 61.Kg3 Qf4+ 62.Kg2 Qd2+ 63.Kh3 Qe3+ 64.Bf3 Qxf3+ 65.
Kh4 Qxd5 66.a4 Qa8 67.Qxd6 Qxa4 68.Qxe5+ Kh7 69.Kg5 Qb3 70.Qf5+ Kg7 71.
Qg6+ Kh8 72.Qf6+ Kh7 73.Qg6+ Kh8 74.Qf6+ Kh7 75.Qf5+ Kg7 76.Qe5+ Kh7 77.
Qe4+ Kg7 78.Qd4+ Kg8 79.Qd8+ Kg7 80.Qd7+ Kh8 81.Kg6 Qe6+ 82.Qxe6 1/2-1/2

[Event "47th NED-ch"]
[Site "Eindhoven NED"]
[Date "1991.06.10"]
[Round "1"]
[White "Van der Wiel, John"]
[Black "Van der Sterren, Paul"]
[Result "1-0"]
[WhiteElo "2530"]
[BlackElo "2475"]
[EventDate "1991.06.10"]
[PlyCount "79"]

1.e4 c6 2.Nc3 d5 3.Nf3 Bg4 4.h3 Bh5 5.exd5 cxd5 6.g4 Bg6 7.Bb5+ Nc6 8.Ne5 
Rc8 9.d4 e6 10.Qe2 Bb4 11.h4 Ne7 12.h5 Be4 13.f3 O-O 14.Nxc6 Nxc6 15.Be3 
Qf6 16.fxe4 Nxd4 17.Bxd4 Qxd4 18.Rd1 Bxc3+ 19.bxc3 Qxc3+ 20.Kf1 dxe4 21.
Qxe4 f5 22.Qxe6+ Kh8 23.Kg2 Qxc2+ 24.Qe2 fxg4 25.Rhf1 Qc5 26.Rxf8+ Rxf8 
27.h6 Qc3 28.Qxg4 gxh6 29.Bc4 b5 30.Bb3 a5 31.Qe4 Qf6 32.Kh1 Qc3 33.Qd4+ 
Qxd4 34.Rxd4 a4 35.Be6 Re8 36.Rd6 Kg7 37.Rb6 Rd8 38.Kg2 Rd2+ 39.Kf3 Rxa2 
40.Bxa2 1-0

[Event "47th NED-ch"]
[Site "Eindhoven NED"]
[Date "1991.06.11"]
[Round "2"]
[White "Bosboom, Manuel"]
[Black "Hoeksema, Hendrik Pieter"]
[Result "1/2-1/2"]
[WhiteElo "2480"]
[BlackElo "2390"]
[EventDate "1991.06.10"]
[PlyCount "45"]

1.Nf3 Nf6 2.g3 d5 3.Bg2 c6 4.O-O Bg4 5.d3 Nbd7 6.Nbd2 e5 7.e4 dxe4 8.dxe4 
Bc5 9.Qe1 O-O 10.b3 Re8 11.Bb2 b5 12.a4 a6 13.Ra2 Qc7 14.Qa1 Rad8 15.axb5 
axb5 16.Re1 Bh5 17.h3 Bb6 18.Nf1 Bg6 19.Nh4 Nc5 20.Nxg6 hxg6 21.Re2 Nfd7 
22.Rd2 Ne6 23.b4 1/2-1/2

[Event "47th NED-ch"]
[Site "Eindhoven NED"]
[Date "1991.06.14"]
[Round "4"]
[White "Brenninkmeijer, Joris"]
[Black "De Boer, Gert Jan"]
[Result "1/2-1/2"]
[WhiteElo "2520"]
[BlackElo "2420"]
[EventDate "1991.06.10"]
[PlyCount "164"]

1.d4 Nf6 2.c4 g6 3.Nc3 d5 4.cxd5 Nxd5 5.e4 Nxc3 6.bxc3 Bg7 7.Nf3 c5 8.Rb1 
O-O 9.Be2 b6 10.O-O Bb7 11.Qd3 Ba6 12.Qe3 cxd4 13.cxd4 Qd7 14.Ba3 Re8 15.
Rfc1 Bxe2 16.Qxe2 e6 17.Rb4 Qb7 18.Rbc4 Na6 19.Bd6 Rac8 20.h4 Red8 21.Bg3 
Rxc4 22.Qxc4 b5 23.Qd3 Nb4 24.Qb3 Na6 25.a4 b4 26.Qc4 Bh6 27.Rc2 Qxe4 28.
Re2 Qb7 29.Ne5 Rc8 30.Qb5 Rc1+ 31.Kh2 Qxb5 32.axb5 Nc7 33.Rb2 Bf8 34.Nd3 
Rc3 35.Bxc7 Rxd3 36.b6 axb6 37.Bxb6 b3 38.Bc5 Bh6 39.Rb1 Bd2 40.Kg1 Rc3 
41.Ba3 Bh6 42.Bb2 Rc7 43.Ba3 Rb7 44.Kf1 Bg7 45.Bb2 Kf8 46.Ke2 Ke7 47.Kd3 
Kd6 48.Ra1 h5 49.Ra6+ Kd7 50.Kc4 Bf8 51.Ra1 Be7 52.g3 Bd6 53.Ra4 Ke7 54.
Ra1 Kf6 55.Ra6 Ke7 56.Ra1 Bb4 57.Rf1 Ba5 58.Ra1 Bc7 59.Re1 Kd7 60.Re3 Kc6 
61.Re1 Ba5 62.Ra1 Rb5 63.Rc1 Bb6 64.f3 Ba5 65.Kd3+ Kd5 66.Rc8 Be1 67.Rc7 
Bxg3 68.Rxf7 Bxh4 69.Rg7 Bg3 70.Rxg6 h4 71.Rh6 Rb8 72.Rh5+ Kd6 73.Kc4 Ke7 
74.f4 Kf7 75.d5 exd5+ 76.Rxd5 h3 77.Rf5+ Ke6 78.Re5+ Kf7 79.Rf5+ Ke6 80.
Re5+ Kd7 81.Rd5+ Kc6 82.Rc5+ Kd7 1/2-1/2

[Event "47th NED-ch"]
[Site "Eindhoven NED"]
[Date "1991.06.14"]
[Round "4"]
[White "Van Mil, Johannes"]
[Black "Hoeksema, Hendrik Pieter"]
[Result "1/2-1/2"]
[WhiteElo "2430"]
[BlackElo "2390"]
[EventDate "1991.06.10"]
[PlyCount "52"]

1.e4 c5 2.c3 d5 3.exd5 Qxd5 4.d4 e6 5.Nf3 Nf6 6.Be3 cxd4 7.cxd4 Be7 8.Nc3 
Qd6 9.Bd3 Nc6 10.a3 O-O 11.O-O Nd5 12.Ne4 Qd8 13.Rc1 Bd7 14.Bb1 Nxe3 15.
fxe3 Rc8 16.Qe1 a5 17.Qg3 h6 18.Nd6 Rb8 19.Nc4 Be8 20.Qf4 Rc8 21.Qe4 g6 
22.Nce5 Nxe5 23.Nxe5 Rxc1 24.Rxc1 Qb6 25.Nc4 Qc7 26.Rc3 Bc6 1/2-1/2

[Event "47th NED-ch"]
[Site "Eindhoven NED"]
[Date "1991.06.14"]
[Round "4"]
[White "Van der Wiel, John"]
[Black "Piket, Jeroen"]
[Result "0-1"]
[WhiteElo "2530"]
[BlackElo "2550"]
[EventDate "1991.06.10"]
[PlyCount "114"]

1.e4 d5 2.exd5 Qxd5 3.Nc3 Qa5 4.d4 Nf6 5.Nf3 Nc6 6.Bb5 Ne4 7.Qd3 Nxc3 8.
bxc3 a6 9.Bxc6+ bxc6 10.Ne5 f6 11.Nc4 Qf5 12.Ba3 a5 13.O-O Qxd3 14.cxd3 
Bf5 15.Rfd1 Kd7 16.Rab1 Be6 17.Kf1 h5 18.Rb2 h4 19.Nd2 Bf5 20.Ke2 g5 21.
Ne4 Bxe4 22.dxe4 e6 23.Bxf8 Rhxf8 24.c4 Rfb8 25.Rdb1 Rb4 26.Kd3 c5 27.dxc5
Kc6 28.a3 Rxb2 29.Rxb2 Rd8+ 30.Ke3 Kxc5 31.Rb5+ Kxc4 32.Rxa5 c5 33.Ra6 e5 
34.Rxf6 Rd3+ 35.Ke2 Rxa3 36.Rg6 Kd4 37.Rxg5 Ra2+ 38.Kf3 c4 39.Rg8 c3 40.
Rd8+ Kc4 41.Ke3 Ra1 42.Rc8+ Kb3 43.Rb8+ Kc2 44.Ke2 Ra4 45.Ke3 Rc4 46.Rb5 
Kc1 47.Ke2 c2 48.f3 Rd4 49.Rxe5 Rd2+ 50.Ke3 Rxg2 51.f4 Kd1 52.Rd5+ Ke1 53.
Rc5 Rxh2 54.f5 Re2+ 55.Kd4 h3 56.f6 h2 57.f7 h1=Q 0-1

[Event "47th NED-ch"]
[Site "Eindhoven NED"]
[Date "1991.06.17"]
[Round "6"]
[White "Van der Sterren, Paul"]
[Black "Brenninkmeijer, Joris"]
[Result "1-0"]
[WhiteElo "2475"]
[BlackElo "2520"]
[EventDate "1991.06.10"]
[PlyCount "85"]

1.d4 Nf6 2.c4 e6 3.Nf3 d5 4.Nc3 Nbd7 5.Bg5 Bb4 6.cxd5 exd5 7.e3 c5 8.Bd3 
Qa5 9.Qc2 c4 10.Bf5 O-O 11.O-O Re8 12.Nd2 g6 13.Bxd7 Nxd7 14.f3 Nb6 15.
Rae1 Bxc3 16.bxc3 Na4 17.e4 Bd7 18.exd5 Qxd5 19.Be7 Qc6 20.d5 Qxd5 21.Ne4 
Qc6 22.Nf6+ Kg7 23.Nxe8+ Rxe8 24.Qd2 Be6 25.Qg5 Kg8 26.Bf6 Qc5+ 27.Qxc5 
Nxc5 28.Re2 b5 29.Bd4 Na4 30.a3 Rd8 31.Re5 a6 32.Rf2 Rd6 33.g4 f6 34.Re1 
Kf7 35.Rfe2 a5 36.Re4 f5 37.gxf5 gxf5 38.Rh4 Kg6 39.Rb1 Rd5 40.Kf2 Bg8 41.
Rg1+ Kf7 42.Rg7+ Kf8 43.Rb7 1-0

[Event "47th NED-ch"]
[Site "Eindhoven NED"]
[Date "1991.06.18"]
[Round "7"]
[White "Bosboom, Manuel"]
[Black "Nijboer, Friso"]
[Result "1-0"]
[WhiteElo "2480"]
[BlackElo "2455"]
[EventDate "1991.06.10"]
[PlyCount "75"]

1.d4 Nf6 2.Nf3 g6 3.c4 Bg7 4.Nc3 O-O 5.Bg5 d6 6.e3 Nbd7 7.Qc2 c6 8.Be2 h6 
9.Bh4 e5 10.Rd1 Qe7 11.O-O Re8 12.b4 Qf8 13.b5 Nh7 14.bxc6 bxc6 15.d5 Bb7 
16.Rb1 Nc5 17.Na4 Bc8 18.Nxc5 dxc5 19.Rfd1 g5 20.d6 Bd7 21.Bg3 f5 22.h3 h5
23.Rb7 Rad8 24.Rxa7 Qf6 25.Nd2 g4 26.hxg4 hxg4 27.Nb3 f4 28.Bh2 fxe3 29.
fxe3 Qg5 30.Bg3 Nf6 31.Nxc5 Nh5 32.Ne4 Qh6 33.Bh4 Bf5 34.Bd3 g3 35.Qe2 Nf4
36.exf4 Qxh4 37.Nxg3 exf4 38.Rxg7+ 1-0

[Event "47th NED-ch"]
[Site "Eindhoven NED"]
[Date "1991.06.20"]
[Round "9"]
[White "Brenninkmeijer, Joris"]
[Black "Van der Wiel, John"]
[Result "1/2-1/2"]
[WhiteElo "2520"]
[BlackElo "2530"]
[EventDate "1991.06.10"]
[PlyCount "97"]

1.d4 d6 2.e4 Nf6 3.f3 c6 4.c4 e5 5.d5 Qb6 6.Nc3 Be7 7.Nge2 O-O 8.Ng3 a5 9.
Na4 Qa7 10.Qb3 Bd8 11.Be3 c5 12.Bd3 Na6 13.a3 Rb8 14.Nc3 b6 15.O-O-O Ne8 
16.Nb5 Qd7 17.h4 Nac7 18.Nc3 a4 19.Qxa4 Qxa4 20.Nxa4 b5 21.Nc3 Ba6 22.cxb5
Nxb5 23.Nxb5 Bxb5 24.Bxb5 Rxb5 25.Kc2 c4 26.Bd2 g6 27.h5 f5 28.hxg6 hxg6 
29.Bb4 Ba5 30.Bxa5 Rxa5 31.Rh6 f4 32.Nf1 Kg7 33.Rh2 Nc7 34.Nd2 Rc5 35.Rdh1
Nb5 36.Rh7+ Kf6 37.Rb7 Rfc8 38.Nb1 c3 39.bxc3 Nxc3 40.Nxc3 Rxc3+ 41.Kb1 
Rxa3 42.Rb6 Kg5 43.Rxd6 Rb3+ 44.Ka2 Rb7 45.Ra6 Rc2+ 46.Ka1 Rxg2 47.Re6 
Ra7+ 48.Kb1 Rb7+ 49.Ka1 1/2-1/2

[Event "47th NED-ch"]
[Site "Eindhoven NED"]
[Date "1991.06.21"]
[Round "10"]
[White "Van der Wiel, John"]
[Black "Van Mil, Johannes"]
[Result "1-0"]
[WhiteElo "2530"]
[BlackElo "2430"]
[EventDate "1991.06.10"]
[PlyCount "47"]

1.e4 c6 2.Nc3 d5 3.Nf3 Bg4 4.h3 Bxf3 5.Qxf3 Nf6 6.d3 e6 7.Bd2 Nbd7 8.g4 g6
9.Qg2 Bd6 10.f4 d4 11.Ne2 e5 12.fxe5 Bxe5 13.g5 Nh5 14.O-O-O O-O 15.h4 f5 
16.exf5 Rxf5 17.Qg1 Nc5 18.Bh3 Rf8 19.Kb1 Qd6 20.Bg4 Rf7 21.Bb4 Kh8 22.c3 
Nf4 23.cxd4 Nxe2 24.dxe5 1-0

[Event "47th NED-ch"]
[Site "Eindhoven NED"]
[Date "1991.06.23"]
[Round "11"]
[White "Bosboom, Manuel"]
[Black "Piket, Jeroen"]
[Result "1/2-1/2"]
[WhiteElo "2480"]
[BlackElo "2550"]
[EventDate "1991.06.10"]
[PlyCount "79"]

1.Nf3 Nf6 2.g3 g6 3.Bg2 Bg7 4.O-O O-O 5.d3 d6 6.e4 c5 7.e5 dxe5 8.Nxe5 
Nfd7 9.Nc4 Nc6 10.Re1 Nb6 11.Nba3 Be6 12.Rxe6 fxe6 13.c3 Nxc4 14.Nxc4 Qd7 
15.a4 Rad8 16.Be4 b6 17.h4 Rf5 18.Be3 Ne5 19.Nxe5 Rxe5 20.Qg4 Rf5 21.Re1 
e5 22.Ra1 Rf6 23.Qe2 Rd6 24.Kg2 Rxd3 25.Bxd3 Qxd3 26.Qxd3 Rxd3 27.a5 e4 
28.Ra4 Rd1 29.Rxe4 Kf7 30.Ra4 Rb1 31.Ra2 Be5 32.Kf3 Bd6 33.axb6 axb6 34.
Ke4 b5 35.Kd3 h5 36.Kc2 Re1 37.Kd2 Rb1 38.Kc2 Re1 39.Kd3 Rb1 40.Kc2 
1/2-1/2